000 00307pam a2200133 a 4500
020 _c
041 _h
082 _a4.0000000000000001E-2
_bHAM
100 _aHamilton, A
245 _aCisco Routers 24 Stven
_hTextual Documents
260 _aAlameda
_bSybex Inc
_c2000
300 _aXXIII/626
930 _a287
999 _c107120
_d107120